| 000 | 01014nas a2200313 4500 | ||
|---|---|---|---|
| 001 | BR2012009167 | ||
| 003 | BR-BrBNA | ||
| 005 | 20231205121549.0 | ||
| 007 | ta | ||
| 008 | 230509b bl.|||p| |||| 00| 00por d | ||
| 040 |
_aBR-BrBNA _bpor _cBiblioteca Nacional de Agricultura |
||
| 041 | _a(Pt) | ||
| 072 | _aF04; F06 | ||
| 100 | 1 | _aNunes, J.C. | |
| 100 | 1 | _aCavalcante, L.F. | |
| 100 | 1 | _aLima Neto, A.J. de | |
| 100 | 1 | _aRebequi, A.M. | |
| 100 | 1 | _aDiniz, R.L.M.T. | |
| 100 | 1 | _aGheyi, H.R. | |
| 245 | 1 | _aComportamento de mudas de nim à salinidade da água em solo não salino com biofertilizante | |
| 650 | _aAZADIRACHTA INDICA | ||
| 650 | _aRESISTÊNCIA | ||
| 650 | _aIRRIGAÇÃO | ||
| 650 | _aADUBO ORGÂNICO | ||
| 773 | 0 |
_tRevista Brasileira de Engenharia Agrícola e Ambiental (Brazil) _xISSN 1807-1929 _g(Nov-2012), v.16(11) p. 1152-1158 _wBR2012009167 |
|
| 856 | 4 | 0 | _uwww.agriambi.com.br/revista/v16n11/v16n11a02.pdf |
| 909 |
_a202311 _bLúcia _c55 _dLúcia Elande |
||
| 942 |
_2AGRIS _n0 _cANA |
||
| 999 |
_c224143 _d224143 |
||